000
00336 a2200157 4500
001
171467
020
_a
978-85-322-7125-9
040
_c
Magnum
100
_a
Galdino, Luiz
240
1
0
_a
O mágico errado
_l
por
245
1
0
_a
O mágico errado
300
_a
39
362
0
_a
2009
697
_a
LITERATURA INFANTO-JUVENIL
942
_c
BK
999
_c
171467
_d
171467